|
|
|
|
| LEADER |
00000nab a2200000 a 4500 |
| 001 |
vtls000659163 |
| 003 |
SK-MaSNL |
| 005 |
20260304090454.0 |
| 008 |
250425c1998 xo 0 slo |
| 015 |
|
|
|a SNBRB1998/05-12885
|
| 035 |
|
|
|a CLN000011355
|
| 035 |
|
|
|a urn:nbn:sk:snk-abhyj
|
| 035 |
|
|
|a (urnnbn)urn:nbn:sk:snk:ar-a039lv
|
| 035 |
|
|
|a (uuid)8df3f8f9-308d-4d42-bce2-dbba1eb0e8c5
|
| 040 |
|
|
|a SNKBUCL
|b slo
|c SNKBUCL
|e AACR2
|
| 041 |
0 |
|
|a slo
|
| 044 |
|
|
|a xo
|c SK
|
| 080 |
|
|
|a 113/119
|2 1997
|
| 080 |
|
|
|a 159.9
|2 1997
|
| 080 |
|
|
|a 615.85(437.6)
|2 1997
|
| 100 |
1 |
|
|a Belko, Dušan
|4 aut
|9 12152
|
| 245 |
1 |
0 |
|a Otázka percepcie času a priestoru u senzibilov
|b (komparácia tradičných a súčasných predstáv o pôsobení jedincov s nadprirodzenými schopnosťami)
|c Dušan Belko
|
| 504 |
|
|
|a Res. angl. Bibliogr. odkazy
|
| 650 |
0 |
7 |
|a psychotronika
|2 snkbucl
|9 4392
|
| 650 |
0 |
7 |
|a priestor
|2 snkbucl
|9 300817
|
| 650 |
0 |
7 |
|a čas
|2 snkbucl
|9 2082
|
| 655 |
|
7 |
|a články z novín a časopisov
|2 snkbucl
|9 267496
|
| 773 |
0 |
|
|t Slovenský národopis
|g Roč. 46, č. 1 (1998), s. 5-27
|x 1335-1303
|
| 850 |
|
|
|a Slovenská národná knižnica
|
| 852 |
|
|
|a Slovenská národná knižnica
|
| 954 |
|
|
|a odborná, vedecká literatúra pôvodná (slovenská)
|2 lita
|
| 958 |
|
|
|a article27
|
| 958 |
|
|
|a NB
|
| 958 |
|
|
|a OND
|
| 958 |
|
|
|a EUIPO
|
| 992 |
|
|
|a RBX
|
| 999 |
|
|
|c 2811571
|d 2813501
|